Central Library OPAC University of Rajshahi

Measurement and evaluation in psychology and education / (Record no. 43048)

MARC details
000 -LEADER
fixed length control field 00917nam a2200277 a 4500
001 - CONTROL NUMBER
control field 43048
003 - CONTROL NUMBER IDENTIFIER
rucl marc code BD-RjUL
005 - DATE AND TIME OF LATEST TRANSACTION
control field 20211209053634.0
008 - FIXED-LENGTH DATA ELEMENTS--GENERAL INFORMATION
fixed length control field 160619s1969 nyua b 001 0 eng
020 ## - INTERNATIONAL STANDARD BOOK NUMBER
International Standard Book Number 0471863637
035 ## - SYSTEM CONTROL NUMBER
System control number (BD-RjUL)43166
040 ## - CATALOGING SOURCE
Original cataloging agency DLC
Transcribing agency DLC
Modifying agency BD-RjUL
Language of cataloging eng
041 ## - LANGUAGE CODE
Language code of text/sound track or separate title eng
082 00 - DEWEY DECIMAL CLASSIFICATION NUMBER
Classification number 371.26
Edition number 23
Author mark and year THM 1969
100 1# - MAIN ENTRY--PERSONAL NAME
Personal name Thorndike, Robert L.
Fuller form of name (Robert Ladd)
Dates associated with a name 1910-1990.
9 (RLIN) 132188
245 10 - TITLE STATEMENT
Title Measurement and evaluation in psychology and education /
Statement of responsibility, etc. [by] Robert L. Thorndike [and] Elizabeth Hagen.
250 ## - EDITION STATEMENT
Edition statement 3d ed.
260 ## - PUBLICATION, DISTRIBUTION, ETC. (IMPRINT)
Place of publication, distribution, etc. New York :
Name of publisher, distributor, etc. Wiley,
Date of publication, distribution, etc. c1969
300 ## - PHYSICAL DESCRIPTION
Pagination viii, 705 p. :
Illustrations illus. ;
Size 24 cm.
504 ## - BIBLIOGRAPHY, ETC. NOTE
Bibliography, etc Includes bibliographies and index
650 #0 - SUBJECT ADDED ENTRY--TOPICAL TERM
Topical term or geographic name as entry element Psychological tests.
9 (RLIN) 132189
Topical term or geographic name as entry element Educational tests and measurements.
9 (RLIN) 132190
700 1# - ADDED ENTRY--PERSONAL NAME
Personal name Hagen, Elizabeth P.,
Dates associated with a name 1915-
Relator term joint author.
942 ## - ADDED ENTRY ELEMENTS (KOHA)
Source of classification or shelving scheme Dewey Decimal Classification
Koha item type Books
Holdings
Lost status Source of classification or shelving scheme Damaged status Not for loan Collection code Permanent Location Current Location Shelving location Date acquired Source of acquisition Total Checkouts Full call number Date last seen Copy number Koha item type
  Dewey Decimal Classification     Non-fiction Central Library, University of Rajshahi Central Library, University of Rajshahi   18/01/1974 U.S Govt.   371.26 THM 1969 19/06/2016 C-2 Books
  Dewey Decimal Classification     Non-fiction Central Library, University of Rajshahi Central Library, University of Rajshahi   18/01/1974 U.S Govt.   371.26 THM 1969 19/06/2016 C-3 Books
  Dewey Decimal Classification     Non-fiction Central Library, University of Rajshahi Central Library, University of Rajshahi   18/01/1974 U.S Govt.   371.26 THM 1969 19/06/2016 C-4 Books
  Dewey Decimal Classification     Non-fiction Central Library, University of Rajshahi Central Library, University of Rajshahi   18/01/1974 U.S Govt.   371.26 THM 1969 19/06/2016 C-5 Books
  Dewey Decimal Classification     Non-fiction Central Library, University of Rajshahi Central Library, University of Rajshahi   18/01/1974 U.S Govt.   371.26 THM 1969 19/06/2016 C-6 Books
  Dewey Decimal Classification     Non-fiction Central Library, University of Rajshahi Central Library, University of Rajshahi   18/01/1974 U.S Govt.   371.26 THM 1969 19/06/2016 C-7 Books
  Dewey Decimal Classification     Non-fiction Central Library, University of Rajshahi Central Library, University of Rajshahi   18/01/1974 U.S Govt.   371.26 THM 1969 19/06/2016 C-8 Books
  Dewey Decimal Classification     Non-fiction Central Library, University of Rajshahi Central Library, University of Rajshahi   18/01/1974 U.S Govt.   371.26 THM 1969 19/06/2016 C-9 Books
  Dewey Decimal Classification     Non-fiction Central Library, University of Rajshahi Central Library, University of Rajshahi   18/01/1974 U.S Govt.   371.26 THM 1969 19/06/2016 C-10 Books
  Dewey Decimal Classification   Not For Loan Non-fiction Central Library, University of Rajshahi Central Library, University of Rajshahi Reading Room 18/01/1974 U.S Govt.   371.26 THM 1969 19/06/2016 C-1 Books